ZIP: Zeitschrift für Wirtschaftsrecht
| Beteiligte: | ; |
|---|---|
| Medienart: | Druck Zeitung |
| Sprache: | Deutsch |
| Veröffentlicht: |
Köln
Otto Schmidt Verlag
1980-
Köln Verl. Kommunikationsforum Recht, Wirtschaft, Steuern -1994 Köln RWS Verl. Kommunikationsforum teils |
| In: | Jahr: 1980 |
| Verfügbarkeit prüfen: | HBZ Gateway |
| Subito Bestelldienst: | Jetzt bestellen. |
| Bände / Aufsätze: | Bände / Aufsätze anzeigen. |
| Schlagwörter: |
MARC
| LEADER | 00000cas a2200000 c 4500 | ||
|---|---|---|---|
| 001 | 130395587 | ||
| 003 | DE-627 | ||
| 005 | 20260207114950.0 | ||
| 007 | tu | ||
| 008 | 931116c19809999gw w| n| w 0 |0ger c | ||
| 015 | |a 81,A29,0209 |2 dnb | ||
| 016 | 7 | |a 013461311 |2 DE-101 | |
| 016 | 7 | |a 602313-7 |2 DE-600 | |
| 022 | |a 0723-9416 | ||
| 022 | |a 0172-8245 | ||
| 022 | |a 0720-8170 | ||
| 024 | 7 | |a 01175653 |2 swets | |
| 035 | |a (DE-627)130395587 | ||
| 035 | |a (DE-603)047925949 | ||
| 035 | |a (DE-576)015897745 | ||
| 035 | |a (DE-599)ZDB602313-7 | ||
| 035 | |a (OCoLC)643588948 | ||
| 040 | |a DE-627 |b ger |c DE-627 |e rakwb | ||
| 041 | |a ger | ||
| 044 | |c XA-DE | ||
| 082 | 0 | |a 343.430705 |q DE-101 |2 22/ger | |
| 082 | 0 | 4 | |a 340 |q DE-101 |
| 082 | 0 | 4 | |a 340 |q DE-600 |
| 084 | |a 2 |2 ssgn | ||
| 084 | |a INTRECHT |q DE-1a |2 fid | ||
| 084 | |a PG 100 |2 rvk |0 (DE-625)rvk/135917: | ||
| 084 | |a QA 10000 |2 rvk |0 (DE-625)rvk/141204: | ||
| 084 | |a PE 100 |2 rvk |0 (DE-625)rvk/135451: | ||
| 084 | |a 86.65 |2 bkl | ||
| 084 | |a 86.00 |2 bkl | ||
| 245 | 0 | 0 | |a ZIP |b Zeitschrift für Wirtschaftsrecht |
| 246 | 1 | |i Titelzusatz 1.1980,1-7 |a Zeitschrift für die gesamte Insolvenzpraxis | |
| 246 | 1 | |i Titelzusatz 1.1980,8 - 3.1982 |a Zeitschrift für Wirtschaftsrecht und Insolvenzpraxis | |
| 246 | 3 | 3 | |a Zeitschrift für Wirtschaftsrecht |
| 246 | 3 | 3 | |a ZIP / Beilage |
| 246 | 3 | 3 | |a ZIP aktuell |
| 246 | 3 | 3 | |a ZIP Report |
| 246 | 3 | 3 | |a ZIP-Report |
| 247 | 1 | 0 | |a Insolvenzrecht |f Haupttitel 1.1980,1-7 |
| 264 | 3 | 1 | |a Köln |b Otto Schmidt Verlag |c 1980- |
| 264 | 1 | |a Köln |b Verl. Kommunikationsforum Recht, Wirtschaft, Steuern |c -1994 | |
| 264 | 2 | 1 | |a Köln |b RWS Verl. Kommunikationsforum |c teils |
| 300 | |c 30 cm | ||
| 336 | |a Text |b txt |2 rdacontent | ||
| 337 | |a ohne Hilfsmittel zu benutzen |b n |2 rdamedia | ||
| 338 | |a Band |b nc |2 rdacarrier | ||
| 362 | 0 | |a 1.1980- | |
| 363 | 0 | 1 | |a 1 |i 1980 |
| 365 | |b EUR 13.40 (Einzelh.), sfr 24.00 (Einzelh.), EUR 47.33 (monatl.), sfr 84.00 (monatl.), EUR 23.00 (monatl., für Studenten u. Referendare), sfr. 41.50 (monatl., für Studenten u. Referendare) | ||
| 365 | |b EUR 13.40 (Einzelh.), sfr 24.00 (Einzelh.), EUR 47.33 (monatl.), sfr 84.00 (monatl.), EUR 23.00 (monatl., für Studenten u. Referendare), sfr. 41.50 (monatl., für Studenten u. Referendare) | ||
| 365 | |b EUR 13.40 (Einzelh.), sfr 24.00 (Einzelh.), EUR 47.33 (monatl.), sfr 84.00 (monatl.), EUR 23.00 (monatl., für Studenten u. Referendare), sfr. 41.50 (monatl., für Studenten u. Referendare) | ||
| 500 | |a Ungezählte Beilage ab 28. Jahrgang (2007): Beilage; bis 42. Jahrgang, 44 (5. November 2021): ZIP aktuell; ab 42. Jahrgang, 45 (12. November 2021): ZIP Report | ||
| 515 | |a Periodizität: wöchentlich, anfangs monatlich | ||
| 583 | 1 | |a Archivierung/Langzeitarchivierung gewährleistet |c 2020 |f PENW |2 pdager |5 DE-5 | |
| 583 | 1 | |3 1.1980- |a Archivierung/Langzeitarchivierung gewährleistet |f DE-636 |z f eingeschränkte Benutzung |2 pdager |5 DE-Luen4 | |
| 591 | |a (üa/Z) IIAKopie M382!Verl.-Mitt.(16-04-24) | ||
| 650 | 7 | |8 1.1\x |a Wirtschaftsrecht |0 (DE-627)091401240 |0 (DE-2867)16081-1 |2 stw | |
| 650 | 7 | |8 1.2\x |a Rechtsprechung |0 (DE-627)091385660 |0 (DE-2867)15971-1 |2 stw | |
| 650 | 7 | |8 1.3\x |a Deutschland |0 (DE-627)091354749 |0 (DE-2867)18012-3 |2 stw | |
| 650 | 4 | |a Konkurs | |
| 650 | 4 | |a Vergleich | |
| 650 | 4 | |a Zahlungsfähigkeit | |
| 655 | 7 | |a Zeitung |0 (DE-588)4067510-5 |0 (DE-627)106108832 |0 (DE-576)209170026 |2 gnd-content | |
| 655 | 7 | |a Entscheidungssammlung |0 (DE-588)4152408-1 |0 (DE-627)104713054 |0 (DE-576)209795298 |2 gnd-content | |
| 689 | 0 | 0 | |d g |0 (DE-588)4011882-4 |0 (DE-627)104704861 |0 (DE-576)208896155 |a Deutschland |2 gnd |
| 689 | 0 | 1 | |d s |0 (DE-588)4066510-0 |0 (DE-627)106113305 |0 (DE-576)209164875 |a Wirtschaftsrecht |2 gnd |
| 689 | 0 | |5 DE-101 | |
| 700 | 1 | |a Ulmer, Peter |d 1933-2024 |e Hrsg. |0 (DE-588)124488420 |0 (DE-627)363381260 |0 (DE-576)215752031 |4 edt | |
| 700 | 1 | |a Verse, Dirk A. |d 1971- |e Hrsg. |0 (DE-588)132421917 |0 (DE-627)522687857 |0 (DE-576)181011433 |4 edt | |
| 751 | |a Köln |0 (DE-588)4031483-2 |0 (DE-627)106265458 |0 (DE-576)208992669 |4 dbp | ||
| 935 | |a BWLB | ||
| 935 | |c zt | ||
| 936 | r | v | |a PG 100 |b Zeitschriften und Entscheidungssammlungen |k Rechtswissenschaft |k Rechtspflege, Gerichtsverfassung, Zivilverfahrensrecht und Nebengebiete |k Allgemeines |k Zeitschriften und Entscheidungssammlungen |0 (DE-627)1275295193 |0 (DE-625)rvk/135917: |0 (DE-576)205295193 |
| 936 | r | v | |a QA 10000 |b Zeitschriften |k Wirtschaftswissenschaften |k Zeitschriften |0 (DE-627)1275349315 |0 (DE-625)rvk/141204: |0 (DE-576)205349315 |
| 936 | r | v | |a PE 100 |b Zeitschriften und Entscheidungssammlungen |k Rechtswissenschaft |k Handelsrecht, Gesellschafts- und Unternehmensrecht sowie sonstiges privates Wirtschaftsrecht |k Allgemeines |k Zeitschriften und Entscheidungssammlungen |0 (DE-627)1275294499 |0 (DE-625)rvk/135451: |0 (DE-576)205294499 |
| 936 | b | k | |a 86.65 |j Wirtschaftsrecht |0 (DE-627)106422367 |
| 936 | b | k | |a 86.00 |
| 936 | s | n | |a p100 |2 mzub |
| 936 | s | n | |a q100 |2 mzub |
| 951 | |a JT | ||
| ELC | |b 1 | ||
| LOK | |0 000 xxxxxcx a22 zn 4500 | ||
| LOK | |0 001 2784173399 | ||
| LOK | |0 003 DE-627 | ||
| LOK | |0 004 130395587 | ||
| LOK | |0 005 20140221091246 | ||
| LOK | |0 008 140221||||||||||||||||ger||||||| | ||
| LOK | |0 040 |a DE-21-110 |c DE-627 |d DE-21-110 | ||
| LOK | |0 852 |z Kein Bestand am IfK; Nachweis für KrimDok | ||
| LOK | |0 852 |a DE-21-110 | ||
| LOK | |0 852 1 |m v |9 00 | ||
| LOK | |0 935 |a k110 | ||
| LOK | |0 938 |k v | ||
| LOK | |0 939 |a 21-02-14 |b l01 | ||
| ORI | |a SA-MARC-krimdoka001.raw | ||
| SPR | |a 1 |t KRI | ||
| TIM | |a 100019901003_100020261231 |b 1990-10-03 - 2026 | ||
